00269nam a22000977a 4500082001500000100002000015245007300035260002700108300000800135650002800143 a546.65 VOG aVogel Arthur.I  aA Text Book of Quantitative Inorganic Analiysis Theory and Practice aLondonbLongmansc1948 a854 achemistryaQuantitative